| 000 | 01044 a2200241 4500 | ||
|---|---|---|---|
| 003 | NUST | ||
| 005 | 20230118132512.0 | ||
| 010 | _a 81014855 | ||
| 020 | _a0201085712 (v. 1) : | ||
| 040 | _cNust | ||
| 082 | 0 | 0 | _a410.28,WIN |
| 100 | 1 |
_aWinograd, Terry. _967607 |
|
| 245 | 1 | 0 |
_aLanguage as a cognitive process / _cTerry Winograd. |
| 260 |
_aReading, Mass. : _bAddison Wesley Pub. Co., _cc1983- |
||
| 300 |
_av. 640.p : _bill. ; _c24 cm. |
||
| 505 | 1 | _aViewing Language as a Knowledge Based Process (Page-1), Word Patterns and Word Classes (Page-35), Context Free Grammars and Parsing (Page-72), Transformational Grammar (Page-133), Augmented Transition Network Grammars (Page-195), Feature and Function Grammars (Page-272), Computer Systems for Natural Language Parsing (Page-357). | |
| 650 | 0 |
_aComputational linguistics. _910826 |
|
| 650 | 0 |
_aGrammar, Comparative and general _xSyntax. _9106994 |
|
| 650 | 0 |
_aPragmatics. _9106995 |
|
| 650 | 0 |
_aPsycholinguistics. _9101117 |
|
| 650 | 0 |
_aSemantics. _933974 |
|
| 942 |
_2ddc _cBK _k410.28,VIN |
||
| 999 |
_c185336 _d185336 |
||